Acarabaeidae (Latreille, 1802) (Registro nro. 13253)

Detalles MARC
000 -CABECERA
Campo de control 004230000a22001450004500
090 ## - CLASIFICACIÓN LOCAL
Colección AR
Consecutivo 04155
041 0# - IDIOMA
Código de idioma para texto/pista de sonido o título separado
044 ## - PAÍS DE PUBLICACIÓN
País de publicación
245 10 - MENCION DE TITULO
Título Acarabaeidae (Latreille, 1802)
260 ## - PUBLICACION, DISTRIBUCION, ETC. (PIE DE IMPRENTA)
Lugar de publicación, distribución, etc. Michigan
Nombre del editor, distribuidor, etc. American Entomological Institute
Fecha de publicación, distribución, etc. 1968
300 ## - DESCRIPCION FISICA
Extensión 395-409
500 ## - NOTA GENERAL
Nota general Arnelt, R.H./ The beetles of the United States
773 1# - Item fuente:
Título Arnelt, R.H./ The beetles of the United States
942 ## - ELEMENTOS ADICIONALES (KOHA)
Tipo de ítem Artículo
Existencias
Withdrawn status Lost status Damaged status No para préstamo Colección Ubicación Permanente Ubicación actual Fecha de adquisición Fuente de Valor Datos de publicación Seriada Total Checkouts Número topográfico Inventario / Código de Barras Date last seen Ejemplar Price effective from Forma de adquisición Tipo de material
      No para Préstamo Hemeroteca Bogotá Bogotá 07/11/2006 Trujillo, Diego Fuera de circulación   AR 04155 023589 25/03/2015 1 25/03/2015   Artículo